000 00726nam a2200289Ia 4500
005 20260324113847.0
008 008 260324s9999 xx 000 0 eng d
020 _a9781003392699
037 _aEBOOK
040 _aCRL
040 _beng
040 _cCRL
041 _2eng
041 _aeng
084 _qCRL
100 _aKuldeep Singh Kaswan; Jagjit Singh Dhatterwal; Anupam Baliyan; Shalli Rani
_91148468
245 0 _aCYBORG
245 0 _bHuman and Machine Communication Paradigm
260 _bTaylor and Francis
260 _c2023
365 _a
365 _b260
856 _uhttp://www.taylorfrancis.com/books/9781003392699
942 _cEBOOK
999 _c1738338
_d1738338